| 000 | 01170nam0a22002651 4500 | ||
|---|---|---|---|
| 001 | rc\4682560 | ||
| 005 | 20260405064802.0 | ||
| 021 |
_aRU _b[61-27053] |
||
| 035 | _a(NLR Aleph) 008708765 | ||
| 090 |
_a9344834 _c9344834 |
||
| 100 | _a20130416d1961 |||y0rusy50 ca | ||
| 101 | 0 | _arus | |
| 102 | _aRU | ||
| 105 | _ay j ||||| | ||
| 200 | 1 |
_aНовые строительные материалы в промышленном и гражданском строительстве _e(Стенограмма лекции) _fЛенингр. отд-ние О-ва по распространению полит. и науч. знаний РСФСР. Ленингр. дом науч.-техн. пропаганды |
|
| 210 |
_aЛенинград _cБ. и. _d1961 |
||
| 215 |
_a11 с. _d22 |
||
| 606 |
_aСтроительные материалы _2psbo |
||
| 700 | 1 |
_8rus _7ca _aПопов _bА. Н. _gАлександр Николаевич _cканд. техн. наук, строит. материалы _f1899- _3RU\NLR\AUTH\7722783 _95838 |
|
| 801 | 0 |
_aRU _bNLR _gpsbo |
|
| 801 | 1 |
_aRU _bELAR _2rusmarc |
|
| 852 |
_aNLR _j61-6/3877 |
||
| 942 | _cBOOK | ||
| 980 | _aNB | ||